| 000 | 00346nam a22001217a 4500 | ||
|---|---|---|---|
| 040 | _crua | ||
| 082 | _a613 SHI 2006 C182 Or. | ||
| 100 | _aDivina D. Bawalan, Keith R. Chapman. | ||
| 245 | _aVirgin Coconut Oil: Production manual for micro-and village-scale processing. | ||
| 260 |
_aPHNOM PENH _bRUA _c2006 |
||
| 300 |
_a110p. _bill. |
||
| 942 | _cREC | ||
| 999 |
_c21512 _d21512 |
||